A literary history of the Arabs

Bibliographic Details
Main Author: Nicholson, Reynold Alleyne , 1868-1945 (Author)
Format: Book
Published: Cambridge : Cambridge University Press , 1969
Subjects:

MARC

LEADER 00000cam a2200000 7i4500
001 0000008483
005 20180423093000.0
008 021119n
020 |a 521095727 
090 0 0 |a PJ7510   |b .N5 1969 
100 0 |a Nicholson, Reynold Alleyne ,   |d 1868-1945 ,   |e author 
245 0 0 |a A literary history of the Arabs   |c Reynold A. Nicholson 
260 2 |a Cambridge :   |b Cambridge University Press ,   |c 1969 
300 |a 506 p . ; ;   |c 21 cm. 
501 |a Includes index 
504 |a Bibliography : p. 477-486 
650 0 |a Arabic literature   |x History and criticism 
999 |a 1000041447   |b Book   |c OPEN SHELF (30 DAYS)   |e Gong Badak Campus 
999 |a 1000042293   |b Book   |c OPEN SHELF (30 DAYS)   |e Gong Badak Campus